1444 1210 1386 1768 1697 1935 1117 1951 1019 1382 1206 1864 1712 1707 1917 1096 1249 1559 1249 1239 1736 1649 1655 1804 1797 1028 1636 1279 1713 1872 1019 1989 1274 1903 1875 1469 1316 1464 1718 1645 1454 1517 1565 1436 1784 1907 1275 1070 1444 1073 1116 1929 1661 1404 1660 1893 1722 1202 1207 1565 1948 1793 1368 1773 1838 1130 1389 1386 1451 1429 1839 1224 1733 1848 1065 1931 1886 1236 1588 1065 1856 1378 1254 1294 1554 1816 1045 1953 1466 1718 1212 1545 1372 1351 1790 1384 1613 1890 1527 BCNSPRNW ULIB Ver.6.0+V

เปลี่ยนเป็นภาษาไทย

Change to English
 แสดงรายละเอียดบรรณานุกรม
  กลับหน้าหลัก

Brief Record : Get Marc (ISO 2709) : E-mail record : QR code < ปิดหน้าต่าง
LEADER : 00000nam 2200000uu 4500
001    13399125909
003     ULIB
008    170926s2560||||th 000 0 tha d
020    ^a9786164070905
060    ^aWO140
245    ^aPerioperative medicine = อายุรศาสตร์ปริหัตถการ.
260    ^aกรุงเทพฯ :^bโรงพิมพ์แห่งจุฬาลงกรณ์มหาวิทยาลัย,^c2560
300    ^a209 หน้า;^c26 ซม.
650    ^aPerioperative medicine
650  0 ^aอายุรศาสตร์
945    ^p300^l0^i25550
945    ^p300^l0^i25551
945    ^p300^l0^i25552
945    ^p300^l0^i25553
945    ^p300^l0^i25554
945    ^p300^l0^i25555
945    ^p300^l0^i25556
945    ^p300^l0^i25557
945    ^p300^l0^i25558
945    ^p300^l0^i25559
999    ^aกัณชพร จุลอักษร
รายการนี้ยังไม่มีแท็ก
คุณยังไม่ได้ล็อกอิน คุณสามารถมีกิจกรรมร่วมกับเว็บไซต์ได้ แต่ต้องล็อกอินก่อน ::
  ล็อกอิน

รายการสื่อสารสนเทศ

ลำดับที่ ประเภท เลขเรียก/บาร์โค้ด สถานที่ สถานะ
1. วิทยาศาสตร์การแพทย์ และสุขภาพ
หนังสือสำรอง
สถานะ=หนังสือสำรอง
WO140 ฉ.1 
  Barcode: 25550
ห้องสมุดวิทยาเขตนครสวรรค์
►หนังสือทั่วไป:l:General Books
บนชั้น
2. วิทยาศาสตร์การแพทย์ และสุขภาพ
วิทยาศาสตร์การแพทย์ และสุขภาพ
WO140 ฉ.10 
  Barcode: 25559
ห้องสมุดวิทยาเขตนครสวรรค์
►หนังสือทั่วไป:l:General Books
บนชั้น
3. วิทยาศาสตร์การแพทย์ และสุขภาพ
วิทยาศาสตร์การแพทย์ และสุขภาพ
WO140 ฉ.2 
  Barcode: 25551
ห้องสมุดวิทยาเขตนครสวรรค์
►หนังสือทั่วไป:l:General Books
บนชั้น
4. วิทยาศาสตร์การแพทย์ และสุขภาพ
วิทยาศาสตร์การแพทย์ และสุขภาพ
WO140 ฉ.3 
  Barcode: 25552
ห้องสมุดวิทยาเขตนครสวรรค์
►หนังสือทั่วไป:l:General Books
บนชั้น
5. วิทยาศาสตร์การแพทย์ และสุขภาพ
วิทยาศาสตร์การแพทย์ และสุขภาพ
WO140 ฉ.4 
  Barcode: 25553
ห้องสมุดวิทยาเขตนครสวรรค์
►หนังสือทั่วไป:l:General Books
บนชั้น
6. วิทยาศาสตร์การแพทย์ และสุขภาพ
วิทยาศาสตร์การแพทย์ และสุขภาพ
WO140 ฉ.5 
  Barcode: 25554
ห้องสมุดวิทยาเขตนครสวรรค์
►หนังสือทั่วไป:l:General Books
บนชั้น
7. วิทยาศาสตร์การแพทย์ และสุขภาพ
วิทยาศาสตร์การแพทย์ และสุขภาพ
WO140 ฉ.6 
  Barcode: 25555
ห้องสมุดวิทยาเขตนครสวรรค์
►หนังสือทั่วไป:l:General Books
บนชั้น
8. วิทยาศาสตร์การแพทย์ และสุขภาพ
วิทยาศาสตร์การแพทย์ และสุขภาพ
WO140 ฉ.7 
  Barcode: 25556
ห้องสมุดวิทยาเขตนครสวรรค์
►หนังสือทั่วไป:l:General Books
บนชั้น
9. วิทยาศาสตร์การแพทย์ และสุขภาพ
วิทยาศาสตร์การแพทย์ และสุขภาพ
สถานะ=หนังสือเก่า
WO140 ฉ.8 
  Barcode: 25557
ห้องสมุดวิทยาเขตนครสวรรค์
►ส่วนจัดเก็บหนังสือเก่า นว.
บนชั้น
  ขอยืม
10. วิทยาศาสตร์การแพทย์ และสุขภาพ
วิทยาศาสตร์การแพทย์ และสุขภาพ
สถานะ=หนังสือเก่า
WO140 ฉ.9 
  Barcode: 25558
ห้องสมุดวิทยาเขตนครสวรรค์
►ส่วนจัดเก็บหนังสือเก่า นว.
บนชั้น
  ขอยืม

รายการใกล้เคียง
    ชื่อเรื่อง [Perioperative medicine = อายุรศาสตร์ปริหัตถการ.]

    หัวเรื่อง [Perioperative medicine]
    หัวเรื่อง [อายุรศาสตร์]

BibComment


ยังไม่เคยถูกคอมเมนท์

คอมเมนท์ทรัพยากรรายการนี้
  คอมเมนท์: Perioperative me..


 Copyright 2026. Bcnsprnw @Library